000 00482nam a2200157Ia 4500
003 LK-CoDNM
008 010623t1976 xxu||||| |||| 00| 1 eng d
040 _aLK-CoDNM
_dLK-CoDNM
_eLK-CoDNM
041 _aeng
080 _a335(430) SIN
100 _aSindermann
245 _aDirectives for the Five-Year Plan For the GDR's National Economic Development 1976-1980.
260 _bThe 9th Congress of The Socialist Unity Party
_aBerlin
_c1976
300 _bp.67, 16.3 cm
942 _cBK
999 _c109784
_d109784